zpět

Detail výsledku týmu

Záložna ST, Pardubice

Datum a čas kvízu

21.5 Celkem bodů Celkový počet nahraných bodů na tomto kvízu bez doplňovacích otázek.
13. Pořadí na kvízu Konečné umístění týmu na tomto kvízu.

Zaznamenané odpovědi

# Otázka Odpověď Body Výsledky
1. „S teroristy se nevyjednává, s... tygra stane vegetarián 0
2. Dvaaosmdesátiletý prezident Ab... Alžírsko 0
3. Stejně jako je _____ _____ cen... Skleněný pokoj 1
4. Možná jste i Vy zaznamenali, ž... WhatsApp 1
5. Páteční los určil čtvrtfinálov... 1B 2C 3A 4D 0
1. Toto téma jste vybrali prostře... DEA 1
2. Hlavní postava seriálu Ve jmén... Írán 0
3. V seriálu Boardwalk Empire ovl... Atlantic City 0
4. Herečku Robin Wrightovou, jedn... Forrest Gump 0
5. Ve filmech jako Tmavomodrý svě... David Novotný 0